UCI Road World Championship Winners - Statistics

General Stats
  • This quiz has been taken 7 times
  • The average score is 20 of 92
Answer Stats
Year Country Winner % Correct
2022 Belgium Remco Evenepoel
100%
2025 Slovenia Tadej Pogačar
100%
2024 Slovenia Tadej Pogačar
100%
2018 Spain Alejandro Valverde
86%
2021 France Julian Alaphilippe
86%
2020 France Julian Alaphilippe
86%
2023 Netherlands Mathieu van der Poel
86%
1974 Belgium Eddy Merckx
71%
1971 Belgium Eddy Merckx
71%
1967 Belgium Eddy Merckx
71%
2019 Denmark Mads Pedersen
71%
2017 Slovakia Peter Sagan
71%
2016 Slovakia Peter Sagan
71%
2015 Slovakia Peter Sagan
71%
2009 Australia Cadel Evans
57%
2011 United Kingdom Mark Cavendish
57%
2014 Poland Michał Kwiatkowski
57%
2012 Belgium Philippe Gilbert
57%
2013 Portugal Rui Costa
57%
1980 France Bernard Hinault
43%
1953 Italy Fausto Coppi
43%
2010 Norway Thor Hushovd
43%
2005 Belgium Tom Boonen
43%
1978 Netherlands Gerrie Knetemann
29%
1989 United States Greg LeMond
29%
1983 United States Greg LeMond
29%
1985 Netherlands Joop Zoetemelk
29%
1993 United States Lance Armstrong
29%
1995 Spain Abraham Olano
14%
1977 Italy Francesco Moser
14%
1981 Belgium Freddy Maertens
14%
1976 Belgium Freddy Maertens
14%
1975 Netherlands Hennie Kuiper
14%
2003 Spain Igor Astarloa
14%
1964 Netherlands Jan Janssen
14%
1979 Netherlands Jan Raas
14%
1954 France Louison Bobet
14%
2002 Italy Mario Cipollini
14%
2004 Spain Óscar Freire
14%
2001 Spain Óscar Freire
14%
1999 Spain Óscar Freire
14%
2007 Italy Paolo Bettini
14%
2006 Italy Paolo Bettini
14%
1987 Ireland Stephen Roche
14%
2008 Italy Alessandro Ballan
0%
1932 Italy Alfredo Binda
0%
1930 Italy Alfredo Binda
0%
1927 Italy Alfredo Binda
0%
1959 France André Darrigade
0%
1936 France Antonin Magne
0%
1963 Belgium Benoni Beheyt
0%
1950 Belgium Briek Schotte
0%
1948 Belgium Briek Schotte
0%
1984 Belgium Claude Criquielion
0%
1937 Belgium Éloi Meulenberg
0%
1958 Italy Ercole Baldini
0%
1973 Italy Felice Gimondi
0%
1951 Switzerland Ferdinand Kübler
0%
1929 Belgium Georges Ronsse
0%
1928 Belgium Georges Ronsse
0%
1933 France Georges Speicher
0%
1992 Italy Gianni Bugno
0%
1991 Italy Gianni Bugno
0%
1982 Italy Giuseppe Saronni
0%
1946 Switzerland Hans Knecht
0%
1969 Netherlands Harm Ottenbros
0%
1952 West Germany Heinz Müller
0%
1935 Belgium Jean Aerts
0%
1970 Belgium Jean-Pierre Monseré
0%
1962 France Jean Stablinski
0%
1996 Belgium Johan Museeuw
0%
1934 Belgium Karel Kaers
0%
1997 France Laurent Brochard
0%
1931 Italy Learco Guerra
0%
1994 France Luc Leblanc
0%
1938 Belgium Marcel Kint
0%
1972 Italy Marino Basso
0%
1988 Italy Maurizio Fondriest
0%
1986 Italy Moreno Argentin
0%
1998 Switzerland Oscar Camenzind
0%
1961 Belgium Rik Van Looy
0%
1960 Belgium Rik Van Looy
0%
1957 Belgium Rik Van Steenbergen
0%
1956 Belgium Rik Van Steenbergen
0%
1949 Belgium Rik Van Steenbergen
0%
2000 Latvia Romāns Vainšteins
0%
1966 West Germany Rudi Altig
0%
1990 Belgium Rudy Dhaenens
0%
1955 Belgium Stan Ockers
0%
1947 Netherlands Theo Middelkamp
0%
1965 United Kingdom Tom Simpson
0%
1968 Italy Vittorio Adorni
0%
No matching quizzes found
Score Distribution
Percent of People with Each Score
Percentile by Number Answered
Your Score History
You have not taken this quiz